[Event "Small Paris-ch"]
[Site "Paris"]
[Date "2015.07.12"]
[Round "7"]
[White "Sauvetre, Alain"]
[Black "De Andres Oterino, Carlos"]
[Result "1-0"]
[WhiteElo "1847"]
[BlackElo "1929"]
[PlyCount "74"]
[EventDate "2015.07.06"]
[EventType "swiss"]
[EventRounds "7"]
[EventCountry "FRA"]
[SourceTitle "EXT 2016"]
[Source "ChessBase"]
[SourceDate "2015.10.08"]
[SourceVersion "1"]
[SourceVersionDate "2015.10.08"]
[SourceQuality "1"]

1. e4 c6 2. Nf3 d5 3. Nc3 Bg4 4. h3 Bxf3 5. Qxf3 Nf6 6. d3 e6 7. a3 Qb6 8. g3 Nbd7 9. Bg2 d4 10. Nb1 Qa5+ 11. Kf1 Bb4 12. b3 Bc3 13. Nxc3 Qxc3 14. Ra2 0-0 15. Qe2 Qa5 16. Kg1 Qc7 17. Kh2 c5 18. Bd2 a5 19. a4 Ne5 20. Rc1 Nc6 21. c3 dxc3 22. Bxc3 Rfd8 23. Bxf6 gxf6 24. Rxc5 Qd6 25. Qg4+ Kh8 26. Rh5 Qf8 27. Qh4 Qg7 28. Rd2 Rd4 29. Qf4 Ne5 30. Qe3 Rad8 31. Bf1 Qg6 32. Rh4 Nc6 33. Rg4 Qh5 34. Be2 Qc5 35. Qh6 Qg5 36. Rxg5 Ne5 37. Bf1 Rg8 1-0

[Event "Small Paris-ch"]
[Site "Paris"]
[Date "2015.07.08"]
[Round "3"]
[White "Kieffer, Anatole"]
[Black "De Andres Oterino, Carlos"]
[Result "1-0"]
[WhiteElo "1881"]
[BlackElo "1929"]
[PlyCount "95"]
[EventDate "2015.07.06"]
[EventType "swiss"]
[EventRounds "7"]
[EventCountry "FRA"]
[SourceTitle "EXT 2016"]
[Source "ChessBase"]
[SourceDate "2015.10.08"]
[SourceVersion "1"]
[SourceVersionDate "2015.10.08"]
[SourceQuality "1"]

1. e4 c6 2. d4 d5 3. Nc3 dxe4 4. Nxe4 Nd7 5. Nf3 Ngf6 6. Ng3 e6 7. Bd3 Be7 8. 0-0 0-0 9. c3 c5 10. Re1 b6 11. Qc2 h6 12. a3 Bb7 13. Ne5 cxd4 14. cxd4 Rc8 15. Qe2 Nxe5 16. dxe5 Qd5 17. Qf1 Ne8 18. Bf4 Qd7 19. Rad1 Bd5 20. Bb1 Qa4 21. Qd3 f5 22. exf6 Nxf6 23. b4 Qe8 24. Be5 Bc4 25. Qd4 Qf7 26. Rc1 Bd5 27. Qd3 Rxc1 28. Rxc1 Rd8 29. Qc2 Bb7 30. Re1 Rc8 31. Qe2 Bd5 32. Bb2 Bd6 33. Qd3 Be7 34. Ne2 Be4 35. Qa6 Rd8 36. Nd4 Bxb1 37. Rxb1 Bd6 38. Qe2 Re8 39. Re1 Bc7 40. g3 e5 41. Nc6 e4 42. Bxf6 Qxf6 43. Nxa7 Qf7 44. Nb5 Bb8 45. Qe3 Qb7 46. Nc3 b5 47. Nxe4 Ba7 48. Nf6+ 1-0

[Event "Erandio op 18th"]
[Site "Erandio"]
[Date "2009.12.24"]
[Round "7"]
[White "De Andres Oterino, Carlos"]
[Black "Gonzalez Rodriguez, Jorge Armando"]
[Result "0-1"]
[WhiteElo "1950"]
[BlackElo "2441"]
[PlyCount "54"]
[EventDate "2009.12.19"]
[EventType "swiss"]
[EventRounds "9"]
[EventCountry "ESP"]
[SourceTitle "CBM 133 Extra"]
[Source "ChessBase"]
[SourceDate "2010.01.05"]
[SourceVersion "1"]
[SourceVersionDate "2010.01.05"]
[SourceQuality "1"]

1. Nf3 b6 2. g3 Bb7 3. Bg2 c5 4. c4 g6 5. 0-0 Bg7 6. d4 cxd4 7. Nxd4 Qc8 8. Qd3 Na6 9. Nc2 Nc5 10. Qe3 Nh6 11. Nc3 Nf5 12. Qd2 h5 13. b3 h4 14. Rb1 hxg3 15. hxg3 Bxg2 16. Kxg2 Qb7+ 17. f3 Be5 18. Bb2 Nxg3 19. Rfd1 Nxe2 20. Rh1 Rxh1 21. Rxh1 Ng3 22. Rh3 Nh5 23. Rxh5 gxh5 24. Qg5 0-0-0 25. Qxe5 Rg8+ 26. Kh2 Qxf3 27. Ne3 Nd3 0-1

[Event "Erandio op 18th"]
[Site "Erandio"]
[Date "2009.12.22"]
[Round "5"]
[White "De Andres Oterino, Carlos"]
[Black "Limeres Guiance, Cristobal"]
[Result "0-1"]
[WhiteElo "1950"]
[BlackElo "2250"]
[PlyCount "100"]
[EventDate "2009.12.19"]
[EventType "swiss"]
[EventRounds "9"]
[EventCountry "ESP"]
[SourceTitle "CBM 133 Extra"]
[Source "ChessBase"]
[SourceDate "2010.01.05"]
[SourceVersion "1"]
[SourceVersionDate "2010.01.05"]
[SourceQuality "1"]

1. Nf3 b5 2. e4 Bb7 3. Bxb5 Bxe4 4. Nc3 Bb7 5. 0-0 Nf6 6. Re1 e6 7. a3 Be7 8. d4 0-0 9. h3 c5 10. dxc5 Bxc5 11. Bg5 Qb6 12. Be3 Bxe3 13. Rxe3 Rc8 14. Qd4 Qxd4 15. Nxd4 Nc6 16. Rd1 d5 17. f4 g6 18. g4 Nxd4 19. Rxd4 Rc7 20. Bd3 Re7 21. g5 Ne8 22. Re5 Kf8 23. Nd1 Rc7 24. Nf2 a5 25. Ng4 Ba6 26. c3 Bxd3 27. Rxd3 Nd6 28. Re2 Rb8 29. Ne5 a4 30. Rd4 Ra8 31. Rb4 Rb7 32. Rxb7 Nxb7 33. Nd7+ Ke7 34. Nb6 Ra5 35. c4 dxc4 36. Nxc4 Rf5 37. Re4 Nc5 38. Re5 Nd3 39. Rxf5 exf5 40. h4 Ke6 41. Kf1 Nc5 42. Nb6 Kd6 43. Ke2 Kc6 44. Nc4 Kd5 45. Ne5 Ke4 46. Nc4 Kxf4 47. Nb6 Kg3 48. Nxa4 Nxa4 49. b3 Nc5 50. b4 Na4 0-1

[Event "Euskadi-ch"]
[Site "Zornotza"]
[Date "2009.04.17"]
[Round "5"]
[White "Padilla Cabero, Pablo"]
[Black "De Andres Oterino, Carlos"]
[Result "1-0"]
[WhiteElo "2168"]
[BlackElo "1954"]
[PlyCount "81"]
[EventDate "2009.04.13"]
[EventType "swiss"]
[EventRounds "7"]
[EventCountry "ESP"]
[SourceTitle "EXT 2010"]
[Source "ChessBase"]
[SourceDate "2010.11.25"]
[SourceVersion "1"]
[SourceVersionDate "2010.11.25"]
[SourceQuality "1"]

1. e4 c6 2. d4 d5 3. e5 Bf5 4. g4 Be4 5. f3 Bg6 6. Ne2 e6 7. Be3 h5 8. Nf4 Ne7 9. Nc3 hxg4 10. fxg4 Nd7 11. Qf3 c5 12. Nb5 Nc6 13. Nxg6 fxg6 14. Bd3 Ndxe5 15. dxe5 Nxe5 16. Qd1 Qa5+ 17. b4 Qxb4+ 18. c3 Qb2 19. Rb1 Qg2 20. Rf1 Rxh2 21. Bf4 Rh1 22. Nc7+ Kd7 23. Bxe5 Rxf1+ 24. Bxf1 Qe4+ 25. Be2 Qxe5 26. Nxa8 Qxc3+ 27. Qd2 Qg3+ 28. Kd1 Bd6 29. Rxb7+ Kc6 30. Rb3 Qg1+ 31. Kc2 c4 32. Rb1 Qc5 33. Qc3 Qf2 34. Qf3 Qd4 35. Rd1 Qc5 36. Qf7 Qe3 37. Qe8+ Kc5 38. Qc8+ Kb5 39. Rb1+ Ka5 40. Qd8+ Ka4 41. Qd7+ 1-0

[Event "Bizkaia-ch Preferente"]
[Site "Sestao"]
[Date "2008.10.18"]
[Round "1.7"]
[White "Perez Fernandez, Modesto C"]
[Black "De Andres Oterino, Carlos"]
[Result "0-1"]
[WhiteElo "2117"]
[BlackElo "1918"]
[PlyCount "100"]
[EventDate "2008.10.18"]
[EventType "swiss"]
[EventRounds "7"]
[EventCountry "ESP"]
[SourceTitle "EXT 2024"]
[Source "ChessBase"]
[SourceDate "2023.10.10"]
[SourceVersion "1"]
[SourceVersionDate "2023.10.10"]
[SourceQuality "1"]

1. e4 c6 2. d4 d5 3. Nc3 dxe4 4. Nxe4 Nd7 5. Bc4 Ngf6 6. Ng5 e6 7. Qe2 Nb6 8. Bb3 a5 9. c3 a4 10. Bc2 h6 11. Ne4 Nxe4 12. Bxe4 c5 13. Be3 Nd5 14. Nf3 Nxe3 15. fxe3 Qc7 16. 0-0 Bd6 17. Rf2 0-0 18. a3 e5 19. g3 Bg4 20. Qb5 Bxf3 21. Rxf3 exd4 22. exd4 cxd4 23. cxd4 Ra5 24. Qd3 g6 25. Raf1 f5 26. Bxf5 Raxf5 27. Rxf5 Rxf5 28. Rxf5 gxf5 29. Qxf5 Qc1+ 30. Kg2 Qxb2+ 31. Kh3 Qxd4 32. Qg6+ Kf8 33. Qxh6+ Ke8 34. Qh7 Qd5 35. Qc2 Qe6+ 36. Kg2 Qd5+ 37. Kh3 Qh5+ 38. Kg2 Qd5+ 39. Kh3 Qc6 40. Qd3 Be7 41. g4 Qd6 42. Qb5+ Qd7 43. Qh5+ Kd8 44. Qa5+ Kc8 45. Qa8+ Kc7 46. Qa5+ Kb8 47. Qc3 Qd6 48. Qh8+ Ka7 49. Qe8 Qxa3+ 50. Kg2 Qb4 0-1

[Event "Erandio op"]
[Site "Erandio"]
[Date "2007.12.20"]
[Round "7"]
[White "De Andres Oterino, Carlos"]
[Black "Berbatov, Kiprian"]
[Result "1-0"]
[WhiteElo "1898"]
[BlackElo "2170"]
[PlyCount "103"]
[EventDate "2007.12.17"]
[EventType "swiss"]
[EventRounds "9"]
[EventCountry "ESP"]
[SourceTitle "CBM 121 Extra"]
[Source "ChessBase"]
[SourceDate "2008.01.10"]
[SourceVersion "1"]
[SourceVersionDate "2008.01.10"]
[SourceQuality "1"]

1. Nf3 Nf6 2. c4 g6 3. Nc3 Bg7 4. e4 d6 5. d4 0-0 6. Be2 e5 7. dxe5 dxe5 8. Qxd8 Rxd8 9. Nd5 Nxd5 10. cxd5 c6 11. Bc4 b5 12. Bb3 Bb7 13. Bg5 Rd7 14. 0-0-0 cxd5 15. Bxd5 Bxd5 16. Rxd5 Rxd5 17. exd5 Nd7 18. Rd1 Rc8+ 19. Kb1 Bf8 20. Be3 a6 21. h3 f6 22. Nd2 Kf7 23. Nb3 Bd6 24. f3 Ke8 25. g4 Kd8 26. h4 Nc5 27. Bxc5 Bxc5 28. h5 gxh5 29. Nxc5 Rxc5 30. gxh5 Rc4 31. Rg1 Rh4 32. Rg8+ Kd7 33. Rg7+ Kd6 34. Rxh7 Kxd5 35. h6 Ke6 36. Kc2 Kf5 37. Ra7 Rxh6 38. Rxa6 Kf4 39. Ra3 Rh2+ 40. Kc1 Re2 41. Rb3 Re3 42. Rxb5 Kxf3 43. a4 Re1+ 44. Kc2 f5 45. a5 f4 46. Rb3+ Kg2 47. a6 Re4 48. a7 Ra4 49. Ra3 Rxa7 50. Rxa7 f3 51. Kd2 e4 52. Ke3 1-0

[Event "Lyon op"]
[Site "Lyon"]
[Date "2005.04.18"]
[Round "3"]
[White "Rodrigues, Emmanuel"]
[Black "De Andres Oterino, Carlos"]
[Result "1-0"]
[WhiteElo "2089"]
[BlackElo "1926"]
[PlyCount "69"]
[EventDate "2005.04.16"]
[EventType "swiss"]
[EventRounds "9"]
[EventCountry "FRA"]
[SourceTitle "CBM 105 Extra"]
[Source "ChessBase"]
[SourceDate "2005.05.01"]
[SourceVersion "1"]
[SourceVersionDate "2005.05.01"]
[SourceQuality "1"]

1. e4 c6 2. d4 d5 3. Nc3 dxe4 4. Nxe4 Nd7 5. Ng5 Ngf6 6. Bd3 e6 7. N1f3 h6 8. Nxe6 Qe7 9. 0-0 fxe6 10. Bg6+ Kd8 11. Bf4 Qb4 12. Qe2 Be7 13. c4 Nf8 14. Bf7 Bd7 15. Qe5 Rc8 16. Rfe1 g5 17. Bg3 Rh7 18. a3 Qxc4 19. Qa5+ b6 20. Qxa7 Nd5 21. b4 Qb5 22. Bh5 Nc7 23. a4 Qxb4 24. a5 bxa5 25. Rab1 Qc3 26. Rb8 Nd5 27. h3 Bb4 28. Re5 Rxb8 29. Qxb8+ Ke7 30. Re2 Qa1+ 31. Kh2 Rg7 32. Ne5 Bd6 33. Nxc6+ Bxc6 34. Qxd6+ Kf6 35. Qxf8+ 1-0

[Event "Lyon op"]
[Site "Lyon"]
[Date "2005.04.17"]
[Round "2"]
[White "De Andres Oterino, Carlos"]
[Black "Joly, Fabrice"]
[Result "1-0"]
[WhiteElo "1926"]
[BlackElo "2132"]
[PlyCount "77"]
[EventDate "2005.04.16"]
[EventType "swiss"]
[EventRounds "9"]
[EventCountry "FRA"]
[SourceTitle "CBM 105 Extra"]
[Source "ChessBase"]
[SourceDate "2005.05.01"]
[SourceVersion "1"]
[SourceVersionDate "2005.05.01"]
[SourceQuality "1"]

1. Nf3 Nf6 2. c4 g6 3. Nc3 Bg7 4. e4 d6 5. d4 0-0 6. Be2 Nbd7 7. 0-0 c6 8. h3 e5 9. dxe5 dxe5 10. Be3 Qe7 11. Qc2 Nh5 12. Rfe1 Nf4 13. Bf1 b6 14. Na4 Bb7 15. a3 Ne6 16. Rad1 Rfd8 17. b4 Ndf8 18. Qb2 f5 19. Qb3 Kh8 20. exf5 gxf5 21. c5 b5 22. Nc3 e4 23. Nd2 Qf6 24. Ndb1 Rxd1 25. Rxd1 Rd8 26. Rxd8 Qxd8 27. Qd1 Qxd1 28. Nxd1 Nd4 29. Bxd4 Bxd4 30. g3 Bc8 31. h4 Be6 32. Be2 Nd7 33. Kf1 Ne5 34. Ke1 Bb3 35. Ne3 Be6 36. Kd2 Nc4+ 37. Nxc4 bxc4 38. Nc3 Bxc3+ 39. Kxc3 1-0

[Event "Paris Apsap op 74th"]
[Site "Paris"]
[Date "2004.08.15"]
[Round "9"]
[White "Fondain, Georges"]
[Black "De Andres Oterino, Carlos"]
[Result "0-1"]
[WhiteElo "2085"]
[BlackElo "1925"]
[PlyCount "78"]
[EventDate "2004.08.??"]
[EventType "swiss"]
[EventRounds "9"]
[EventCountry "FRA"]
[SourceTitle "EXT 2005"]
[Source "ChessBase"]
[SourceDate "2004.11.15"]
[SourceVersion "1"]
[SourceVersionDate "2004.11.15"]
[SourceQuality "1"]

1. d4 Nf6 2. c4 g6 3. Nc3 Bg7 4. e4 d6 5. Be2 0-0 6. Nf3 Nbd7 7. 0-0 c6 8. Be3 e5 9. dxe5 dxe5 10. Nd2 Qe7 11. Qc2 Nc5 12. b4 Ne6 13. Qb1 Nd4 14. a4 Ng4 15. Bxg4 Bxg4 16. f3 Be6 17. c5 f5 18. Ra3 Rad8 19. Rd1 f4 20. Bxd4 exd4 21. Ne2 d3 22. Nc1 Bd4+ 23. Kh1 Qh4 24. Nxd3 g5 25. Nf1 g4 26. Qc2 gxf3 27. gxf3 Bh3 28. Qe2 Kh8 29. Ne1 Rg8 30. Rxd4 Qg5 31. Qf2 Bxf1 32. Qxf1 Rxd4 33. Rd3 Rxb4 34. Rd2 Rb1 35. Qf2 Ra1 36. Qd4+ Qg7 37. Qxg7+ Rxg7 38. Re2 Rxa4 39. Ng2 Rc4 0-1

[Event "Paris Apsap op 73rd"]
[Site "Paris"]
[Date "2004.08.01"]
[Round "2"]
[White "De Andres Oterino, Carlos"]
[Black "Gidel, Jean Louis"]
[Result "0-1"]
[WhiteElo "1925"]
[BlackElo "2152"]
[PlyCount "106"]
[EventDate "2004.08.??"]
[EventType "swiss"]
[EventRounds "9"]
[EventCountry "FRA"]
[SourceTitle "EXT 2006"]
[Source "ChessBase"]
[SourceDate "2005.11.24"]
[SourceVersion "1"]
[SourceVersionDate "2005.11.24"]
[SourceQuality "1"]

1. Nf3 d5 2. d4 c6 3. c4 e6 4. Qc2 f5 5. Bg5 Be7 6. Bxe7 Qxe7 7. e3 Nf6 8. Nc3 0-0 9. Be2 Nbd7 10. 0-0 Ne4 11. Rad1 g5 12. Nd2 Ndf6 13. f3 Nxc3 14. bxc3 e5 15. Rf2 Kh8 16. cxd5 Nxd5 17. Nf1 exd4 18. exd4 Bd7 19. c4 Nf4 20. Qd2 Rae8 21. Ng3 Qe3 22. Bf1 Qxd2 23. Rdxd2 Kg7 24. Ne2 Ng6 25. Nc1 f4 26. Rfe2 Bf5 27. Kf2 Kf6 28. Rxe8 Rxe8 29. Nd3 b6 30. Nb4 Rc8 31. Bd3 Ne7 32. Bxf5 Nxf5 33. Nc2 Rd8 34. g3 fxg3+ 35. hxg3 c5 36. d5 Nd6 37. Ne3 Re8 38. Re2 Kg6 39. Ke1 h5 40. Kd2 Rf8 41. Rf2 Ne4+ 42. fxe4 Rxf2+ 43. Ke1 Rf8 44. e5 h4 45. e6 Kf6 46. g4 b5 47. cxb5 Ke5 48. a4 h3 49. e7 Rh8 50. Nf5 h2 51. Ng3 h1Q+ 52. Nxh1 Rxh1+ 53. Kf2 Rh8 0-1

[Event "Dortmund op-A"]
[Site "Dortmund"]
[Date "2003.08.10"]
[Round "9"]
[White "Grodotzki, Kenneth"]
[Black "De Andres Oterino, Carlos"]
[Result "0-1"]
[WhiteElo "1884"]
[BlackElo "1914"]
[PlyCount "52"]
[EventDate "2003.08.01"]
[EventType "swiss"]
[EventRounds "9"]
[EventCountry "GER"]
[SourceTitle "CBM 095 Extra"]
[Source "ChessBase"]
[SourceDate "2003.09.04"]
[SourceVersion "1"]
[SourceVersionDate "2003.09.04"]
[SourceQuality "1"]

1. e4 c6 2. d4 d5 3. e5 Bf5 4. Nc3 e6 5. g4 Bg6 6. Nge2 Ne7 7. Ng3 c5 8. h4 h5 9. Nb5 Nec6 10. gxh5 Bh7 11. h6 gxh6 12. Nh5 Nd7 13. Nd6+ Bxd6 14. exd6 Nxd4 15. Bh3 Qxh4 16. Be3 Nxc2+ 17. Kd2 Qb4+ 18. Ke2 Qc4+ 19. Kd2 Nxa1 20. Qxa1 Qd3+ 21. Ke1 Be4 22. Rg1 Bf3 23. Bf1 Qe4 24. Nf4 d4 25. b4 0-0-0 26. bxc5 dxe3 0-1

[Event "Dortmund op-A"]
[Site "Dortmund"]
[Date "2003.08.02"]
[Round "2"]
[White "De Andres Oterino, Carlos"]
[Black "Porth, Hartmut"]
[Result "1-0"]
[WhiteElo "1914"]
[BlackElo "2173"]
[PlyCount "111"]
[EventDate "2003.08.01"]
[EventType "swiss"]
[EventRounds "9"]
[EventCountry "GER"]
[SourceTitle "CBM 095 Extra"]
[Source "ChessBase"]
[SourceDate "2003.09.04"]
[SourceVersion "1"]
[SourceVersionDate "2003.09.04"]
[SourceQuality "1"]

1. Nf3 d5 2. d4 Nc6 3. c4 Bg4 4. Nc3 e6 5. Bf4 Nf6 6. e3 Bd6 7. Bg3 0-0 8. Rc1 Ne4 9. cxd5 Nxc3 10. bxc3 exd5 11. Qb3 Ne7 12. Qxb7 Qb8 13. Qb3 Qxb3 14. axb3 Ba3 15. Rc2 Rfb8 16. Nd2 a5 17. Bd3 Rb7 18. 0-0 Bf5 19. Bxf5 Nxf5 20. Ra1 Bd6 21. Bxd6 Nxd6 22. Rca2 Rba7 23. Kf1 Kf8 24. Ke2 Ke7 25. Kd3 Kd7 26. Ra4 Nc8 27. b4 axb4 28. Rxa7 Rxa7 29. Rxa7 Nxa7 30. cxb4 Nc6 31. Kc3 Na7 32. Kb3 Nb5 33. f3 c6 34. g4 Ke6 35. Nb1 Nd6 36. Nd2 f5 37. h3 fxg4 38. fxg4 h5 39. Kc3 hxg4 40. hxg4 Kf6 41. Nf3 Nc4 42. Kd3 Nb2+ 43. Ke2 Nc4 44. Kf2 Ke6 45. Ne1 Kf6 46. Nd3 Ke6 47. Kf3 g5 48. Ke2 Kf6 49. Nc5 Ke7 50. e4 dxe4 51. Nxe4 Nb6 52. Kd3 Nd5 53. Kc4 Ne3+ 54. Kc5 Kd7 55. Nxg5 Nxg4 56. Nf7 1-0

[Event "Salamanca-ch"]
[Site "Salamanca"]
[Date "2002.01.26"]
[Round "5.2"]
[White "Bernal Caamano, Jose Luis"]
[Black "De Andres Oterino, Carlos"]
[Result "1-0"]
[WhiteElo "2154"]
[BlackElo "1891"]
[PlyCount "97"]
[EventDate "2002.01.12"]
[EventType "swiss"]
[EventRounds "6"]
[EventCountry "ESP"]
[SourceTitle "CBM 086 Extra"]
[Source "ChessBase"]
[SourceDate "2002.03.14"]
[SourceVersion "1"]
[SourceVersionDate "2002.03.14"]
[SourceQuality "1"]

1. e4 c6 2. d4 d5 3. Nc3 dxe4 4. Nxe4 Nd7 5. Nf3 Ngf6 6. Ng3 e6 7. Bd3 c5 8. 0-0 cxd4 9. Nxd4 Nc5 10. Be2 Be7 11. b4 Ncd7 12. a3 a5 13. Rb1 axb4 14. axb4 0-0 15. c4 Ne5 16. Be3 Bd7 17. b5 Qc7 18. Rc1 Bc5 19. Qb3 Neg4 20. Nc2 Nxe3 21. Nxe3 Qb6 22. Nc2 Ra7 23. Qf3 Rfa8 24. Ne4 Nxe4 25. Qxe4 f5 26. Qh4 Qd8 27. Qg3 Qe7 28. Bf3 Rc8 29. Rfd1 b6 30. Nd4 Ra3 31. Qe5 Qf6 32. Qxf6 gxf6 33. Nxf5 Be8 34. Nd6 Rd8 35. Nxe8 Rxe8 36. Rc2 Kf7 37. Bh5+ Ke7 38. Bxe8 Kxe8 39. g3 Ke7 40. Kg2 Ra4 41. f4 e5 42. Re1 Bd4 43. fxe5 fxe5 44. Rf1 Ra3 45. Rf5 Ke6 46. Rh5 Ra7 47. Kf3 Ra3+ 48. Kg4 Ra7 49. Rh6+ 1-0